Państwa Ameryki Południowej - Statystyki

Ogólne statystyki
  • Ten quiz został rozwiązany 50 razy
  • Średni wynik to 10 z 12
Odpowiedzi na mapie
Odpowiedzi zakodowano w zielono-czerwonej skali na mapie do tego quizu, zgodnie z poniższymi procentami.
 
Statystyki odpowiedzi
Państwo % Poprawnych
Brazylia
100%
Argentyna
98%
Chile
93%
Kolumbia
93%
Urugwaj
91%
Ekwador
89%
Paragwaj
87%
Peru
84%
Wenezuela
84%
Boliwia
78%
Gujana
76%
Surinam
67%
Nie znaleziono quizów pasujących do podanych kryteriów
Rozkład punktacji
Procent ludzi z każdym wynikiem
Percentyl według liczby udzielonych odpowiedzi
Twoja historia wyników
Nie rozwiązałeś tego quizu